| 000 | 00735cab a2200253 4500 | ||
|---|---|---|---|
| 001 | WB3034-51 | ||
| 008 | 090401t1994 xxu||||| |||| 00| 0 eng d | ||
| 035 | _a(Sirsi) u47187 | ||
| 041 | _aeng | ||
| 245 | _aStop fee-cutting | ||
| 260 | _c1994 | ||
| 350 | _a0 | ||
| 490 |
_aProperty Week _v48(11) 15 September 1994, 12(1) |
||
| 520 | _aRichard Lay expresses concern about fee-cutting damaging the quality of service provided by chartered surveyors. | ||
| 650 | _aCOMPETITION | ||
| 650 | _aDTZ DEBENHAM THORPE | ||
| 650 | _aFEE-CUTTING | ||
| 650 | _aFEES | ||
| 650 | _aQUALITY OF SERVICE | ||
| 650 | _aRICHARD LAY | ||
| 690 | _aMANAGEMENT-BUSINESS MANAGEMENT-PROFESSIONAL PRACTICE | ||
| 942 | _n0 | ||
| 948 | _c04/03/1997 | ||
| 999 |
_c29763 _d29763 |
||